000 00273nam a22001217a 4500
008 190225b xxu||||| |||| 00| 0 eng d
041 _aeng
080 _a101
100 _a24
101 _aFIL
245 _aChristian Ethics and Moral Philosophy
_cThomas
942 _2udc
_cBK
999 _c54181
_d54181